[Event "1st Metropolitan International"]
[Site "Los Angeles"]
[Date "2011.08.18"]
[Round "2"]
[White "Ginsburg, Mark"]
[Black "Bodek, Michael"]
[Result "1/2-1/2"]
[WhiteElo "2387"]
[BlackElo "2191"]
[PlyCount "50"]
[EventDate "2011.08.17"]
[EventType "swiss"]
[EventRounds "9"]
[EventCountry "USA"]
[SourceDate "2011.08.22"]

1. c4 e6 2. Nf3 Nf6 3. g3 d5 4. Bg2 dxc4 5. Qa4+ Nbd7 6. O-O a6 7. Qxc4 c5 8.
Qc2 b5 9. b3 Bb7 10. Bb2 Be7 11. d3 O-O 12. Nbd2 Qb6 13. Rac1 Rac8 14. Qb1 Rfd8
15. e3 Qa7 16. Rc2 Nb8 17. d4 Nc6 18. dxc5 Nb4 19. Rcc1 Qa8 20. a3 Nd3 21. Rc2
Rxc5 22. Bd4 Rxc2 23. Qxc2 e5 24. Bb6 Rd7 25. Bh3 Rd6 1/2-1/2

[Event "1st Metropolitan International"]
[Site "Los Angeles"]
[Date "2011.08.18"]
[Round "2"]
[White "Gurevich, Dmitry"]
[Black "Chua, Alexander"]
[Result "1-0"]
[WhiteElo "2479"]
[BlackElo "2278"]
[PlyCount "99"]
[EventDate "2011.08.17"]
[EventType "swiss"]
[EventRounds "9"]
[EventCountry "USA"]
[SourceDate "2011.08.22"]

1. d4 Nf6 2. c4 e6 3. Nc3 Bb4 4. e3 O-O 5. Bd3 d5 6. cxd5 exd5 7. Nge2 Re8 8.
O-O a5 9. f3 c5 10. a3 cxd4 11. exd4 Bf8 12. Bf4 Bd7 13. Qd2 Qb6 14. Bg5 h6 15.
Bh4 g5 16. Bf2 Nc6 17. h4 gxh4 18. Na4 Qc7 19. Bxh4 Qd6 20. Nac3 Ne7 21. Qf4
Qxf4 22. Nxf4 Bg7 23. g4 Nc6 24. Nb5 Rab8 25. Kg2 Be6 26. Rfe1 Bd7 27. Red1 Be6
28. Rd2 Rec8 29. Bg3 Nd7 30. Nxe6 fxe6 31. Re1 Nf8 32. Bxb8 Rxb8 33. Bc2 Kf7
34. f4 Rd8 35. f5 Bf6 36. fxe6+ Nxe6 37. Rf2 Rf8 38. Nd6+ Ke7 39. Nxb7 Ncxd4
40. Bf5 Bh4 41. Rxe6+ Nxe6 42. Re2 Rf6 43. Nc5 Kd6 44. Nxe6 Rf7 45. Nf4 Rb7 46.
Nxd5 h5 47. gxh5 Bg5 48. Nc3 Bc1 49. Re6+ Kc5 50. Na4+ 1-0

[Event "1st Metropolitan International"]
[Site "Los Angeles"]
[Date "2011.08.18"]
[Round "2"]
[White "Heiserman, Jimmy"]
[Black "Morshedi, Ali"]
[Result "1-0"]
[WhiteElo "2111"]
[BlackElo "2238"]
[PlyCount "39"]
[EventDate "2011.08.17"]
[EventType "swiss"]
[EventRounds "9"]
[EventCountry "USA"]
[SourceDate "2011.08.22"]

1. d4 d5 2. c4 e6 3. Nf3 Nf6 4. g3 Be7 5. Bg2 O-O 6. O-O dxc4 7. Qc2 c5 8. dxc5
Bxc5 9. Qxc4 Nbd7 10. Nc3 a6 11. Qh4 Qe7 12. e4 e5 13. Bg5 Nb6 14. Rac1 Bd7 15.
Nd5 Nbxd5 16. exd5 Rac8 17. Nd2 Bb6 18. Ne4 Bd8 19. Nxf6+ gxf6 20. Be4 1-0

[Event "1st Metropolitan International"]
[Site "Los Angeles"]
[Date "2011.08.18"]
[Round "2"]
[White "Jayakumar, Adarsh"]
[Black "Sinanan, Joshua"]
[Result "1-0"]
[WhiteElo "2177"]
[BlackElo "2273"]
[PlyCount "81"]
[EventDate "2011.08.17"]
[EventType "swiss"]
[EventRounds "9"]
[EventCountry "USA"]
[SourceDate "2011.08.22"]

1. d4 Nf6 2. c4 e6 3. g3 d5 4. Bg2 Be7 5. Nf3 O-O 6. O-O dxc4 7. Qc2 a6 8. Qxc4
b5 9. Qc2 Bb7 10. Bd2 Be4 11. Qc1 Nc6 12. e3 b4 13. Qd1 Qd5 14. Be1 Qb5 15. a4
Qb7 16. Nbd2 Bd5 17. Nb3 Rfd8 18. Qc2 Nxd4 19. exd4 Bxf3 20. Na5 Qd5 21. Bxf3
Qxf3 22. Nc6 Nd5 23. Nxd8 Rxd8 24. a5 h5 25. Rd1 c5 26. dxc5 Bxc5 27. Qd2 Qf6
28. Qe2 h4 29. Kh1 g6 30. Rb1 Kg7 31. Bd2 Rh8 32. Rbc1 Bd4 33. Rc4 Bxb2 34.
Bxb4 Be5 35. Bd2 Qf5 36. g4 Qf6 37. f4 Bb8 38. f5 exf5 39. gxf5 Qd6 40. f6+
Nxf6 41. Bc3 1-0

[Event "1st Metropolitan International"]
[Site "Los Angeles"]
[Date "2011.08.18"]
[Round "2"]
[White "Kelley, Dereque"]
[Black "Hamzah, Amier"]
[Result "1-0"]
[WhiteElo "2203"]
[BlackElo "1800"]
[PlyCount "121"]
[EventDate "2011.08.17"]
[EventType "swiss"]
[EventRounds "9"]
[EventCountry "USA"]
[SourceDate "2011.08.22"]

1. d4 Nf6 2. c4 c5 3. d5 b5 4. cxb5 a6 5. bxa6 Bxa6 6. Nc3 d6 7. Nf3 g6 8. g3
Nbd7 9. Rb1 Bg7 10. Bg2 O-O 11. O-O Qc7 12. b3 Nb6 13. Bb2 Rfb8 14. Qd2 Rb7 15.
Rfe1 Rab8 16. h3 Nbd7 17. e4 c4 18. Bf1 Ne8 19. Na4 Bb5 20. Bxg7 Nxg7 21. Rbc1
Bxa4 22. Rxc4 Nc5 23. bxa4 Rb2 24. Qc3 Rxa2 25. Ra1 Rab2 26. Nd4 Qd7 27. Nb5
Rb3 28. Qc2 Rf3 29. Nd4 Rf6 30. e5 Rf5 31. Nxf5 Nxf5 32. Rxc5 dxc5 33. Qxc5 Rc8
34. Qb5 Qa7 35. Qd3 Qb8 36. d6 exd6 37. g4 Ng7 38. exd6 Rd8 39. a5 Rxd6 40. Qa3
Ne8 41. a6 Qa7 42. Qe3 Qxe3 43. fxe3 Nc7 44. a7 Rd8 45. Bg2 Re8 46. a8=Q Nxa8
47. Rxa8 Rxa8 48. Bxa8 Kg7 49. g5 f6 50. h4 f5 51. Kf2 h6 52. Kg3 hxg5 53. hxg5
Kf7 54. Bd5+ Ke7 55. Kf4 Ke8 56. Ke5 Ke7 57. Be6 f4 58. exf4 Kf8 59. f5 Kg7 60.
f6+ Kf8 61. Bd5 1-0

[Event "1st Metropolitan International"]
[Site "Los Angeles"]
[Date "2011.08.18"]
[Round "2"]
[White "Khachiyan, Melikset"]
[Black "Duckworth, William"]
[Result "1/2-1/2"]
[WhiteElo "2505"]
[BlackElo "2352"]
[PlyCount "37"]
[EventDate "2011.08.17"]
[EventType "swiss"]
[EventRounds "9"]
[EventCountry "USA"]
[SourceDate "2011.08.22"]

1. e4 e6 2. d4 d5 3. Nc3 Bb4 4. e5 b6 5. a3 Bf8 6. Bb5+ c6 7. Ba4 a5 8. Nce2 b5
9. Bb3 Nd7 10. c3 c5 11. f4 Ne7 12. Nf3 h5 13. O-O c4 14. Bc2 g6 15. Bd2 Nf5
16. Ng3 Nb6 17. Nxf5 exf5 18. Qe2 Be6 19. Ng5 1/2-1/2

[Event "1st Metropolitan International"]
[Site "Los Angeles"]
[Date "2011.08.18"]
[Round "2"]
[White "Kleinman, Michael"]
[Black "Krishnan, Varun"]
[Result "0-1"]
[WhiteElo "2221"]
[BlackElo "2099"]
[PlyCount "72"]
[EventDate "2011.08.17"]
[EventType "swiss"]
[EventRounds "9"]
[EventCountry "USA"]
[SourceDate "2011.08.22"]

1. e4 c5 2. Nf3 Nc6 3. Nc3 d6 4. d4 cxd4 5. Nxd4 Nf6 6. Bc4 Qb6 7. Nxc6 bxc6 8.
O-O g6 9. Qe1 Qc5 10. b3 Bg7 11. Bb2 O-O 12. Na4 Qh5 13. h3 e5 14. Bd3 Re8 15.
c4 Qh4 16. Ba3 Nh5 17. g3 Qxh3 18. Be2 Nf4 19. Bf3 Bg4 20. Qd1 d5 21. cxd5 cxd5
22. Nc5 dxe4 23. Nxe4 Rad8 24. Bd6 Rxd6 25. Nxd6 e4 26. Nxe4 Rxe4 27. Qd8+ Bf8
28. Qh4 Bxf3 29. Qxh3 Nxh3+ 30. Kh2 Re5 31. g4 Bxg4 32. f4 Re2+ 33. Kg3 f5 34.
Rad1 Rxa2 35. Rd8 Kf7 36. Ra8 Bc5 0-1

[Event "1st Metropolitan International"]
[Site "Los Angeles"]
[Date "2011.08.18"]
[Round "2"]
[White "Kretchetov, Alexandre"]
[Black "Huang, Vincent"]
[Result "1-0"]
[WhiteElo "2340"]
[BlackElo "2128"]
[PlyCount "103"]
[EventDate "2011.08.17"]
[EventType "swiss"]
[EventRounds "9"]
[EventCountry "USA"]
[SourceDate "2011.08.22"]

1. Nf3 d5 2. d4 Nf6 3. c4 c6 4. e3 e6 5. Bd3 Nbd7 6. O-O Bd6 7. Nbd2 O-O 8. e4
dxe4 9. Nxe4 Nxe4 10. Bxe4 h6 11. Bc2 e5 12. Re1 exd4 13. Qxd4 Bc5 14. Qc3 Qb6
15. Re2 Rd8 16. a3 Nf8 17. b3 Ne6 18. Bb2 Bf8 19. Rae1 c5 20. Rd2 Rxd2 21. Qxd2
Qd6 22. Qc3 Bd7 23. Rd1 Nd4 24. Nxd4 cxd4 25. Rxd4 Qe7 26. Rd1 Re8 27. h3 Bc6
28. Qd3 Be4 29. Qxe4 Qxe4 30. Bxe4 Rxe4 31. Kf1 b6 32. Rd7 a5 33. Bd4 Bxa3 34.
Bxb6 Bb4 35. Be3 a4 36. bxa4 Rxc4 37. Rd4 Rxd4 38. Bxd4 Ba5 39. Ke2 Kf8 40. Kd3
g6 41. Kc4 Ke7 42. Kb5 Be1 43. a5 Kd7 44. a6 Kc8 45. Kc6 Kb8 46. Kd7 Bb4 47.
Ke8 f5 48. Kf7 g5 49. Kg6 g4 50. Kxf5 gxh3 51. gxh3 Bd2 52. Ke4 1-0

[Event "1st Metropolitan International"]
[Site "Los Angeles"]
[Date "2011.08.18"]
[Round "2"]
[White "Liu, Elliott"]
[Black "Matikozyan, Andranik"]
[Result "0-1"]
[WhiteElo "2291"]
[BlackElo "2451"]
[PlyCount "88"]
[EventDate "2011.08.17"]
[EventType "swiss"]
[EventRounds "9"]
[EventCountry "USA"]
[SourceDate "2011.08.22"]

1. e4 Nc6 2. Nf3 d6 3. d4 Nf6 4. Nc3 Bg4 5. Be3 e6 6. d5 exd5 7. exd5 Ne5 8.
Be2 Bxf3 9. Bxf3 g6 10. Be2 Bg7 11. Qd2 O-O 12. O-O-O a6 13. Bh6 b5 14. Bxg7
Kxg7 15. f4 Ned7 16. Bf3 h5 17. Ne2 Re8 18. h3 Qe7 19. Nd4 Nb6 20. Rhe1 Qd7 21.
f5 Nbxd5 22. Bxd5 Nxd5 23. Qg5 c6 24. fxg6 fxg6 25. Rxe8 Rxe8 26. Nxc6 Ne3 27.
Ne5 Qf5 28. Qxe3 dxe5 29. Qa7+ Kh6 30. Qxa6 e4 31. Qc6 Qf4+ 32. Kb1 Rd8 33. Rc1
e3 34. Qxb5 Qe4 35. h4 Qxh4 36. Qb6 Qe7 37. Qa5 e2 38. Qe1 Qe3 39. b3 Rf8 40.
Qb4 Rf1 41. Re1 Qf2 42. Qd2+ Kg7 43. Qd7+ Qf7 44. Qd4+ Kh7 0-1

[Event "1st Metropolitan International"]
[Site "Los Angeles"]
[Date "2011.08.18"]
[Round "2"]
[White "Melekhina, Alisa"]
[Black "Tatum, Kofi"]
[Result "0-1"]
[WhiteElo "2263"]
[BlackElo "1995"]
[PlyCount "100"]
[EventDate "2011.08.17"]
[EventType "swiss"]
[EventRounds "9"]
[EventCountry "USA"]
[SourceDate "2011.08.22"]

1. e4 c6 2. d4 d5 3. Nd2 dxe4 4. Nxe4 Bf5 5. Ng3 Bg6 6. h4 h6 7. Nf3 Nd7 8. h5
Bh7 9. Bd3 Bxd3 10. Qxd3 e6 11. Bd2 Ngf6 12. O-O-O Be7 13. Qe2 Qb6 14. Ne5 Rd8
15. Rhe1 O-O 16. Ng6 Rfe8 17. Nxe7+ Rxe7 18. Nf5 Ree8 19. Nxh6+ gxh6 20. Bxh6
Qb5 21. Rd3 Kh7 22. Bd2 Rg8 23. f3 Rde8 24. g4 Rg7 25. Qe3 Kg8 26. Rh1 e5 27.
h6 Rg6 28. g5 Nh7 29. f4 e4 30. Rb3 Qd5 31. Kb1 b5 32. Ra3 Ra8 33. Qh3 f5 34.
gxf6 Ndxf6 35. Rg3 Rxg3 36. Qxg3+ Kf8 37. Qg7+ Ke8 38. Rg1 Qf7 39. Qg2 Kd7 40.
Bb4 Rg8 41. Qh3+ Qe6 42. Qh2 Rxg1+ 43. Qxg1 Qg4 44. Qc1 Nd5 45. Bc5 e3 46. c4
bxc4 47. Qc2 Qg1+ 48. Qc1 Qf2 49. Qc2 Qf1+ 50. Qc1 e2 0-1

[Event "1st Metropolitan International"]
[Site "Los Angeles"]
[Date "2011.08.18"]
[Round "2"]
[White "Molner, Mackenzie"]
[Black "Troff, Kayden"]
[Result "1/2-1/2"]
[WhiteElo "2447"]
[BlackElo "2282"]
[PlyCount "82"]
[EventDate "2011.08.17"]
[EventType "swiss"]
[EventRounds "9"]
[EventCountry "USA"]
[SourceDate "2011.08.22"]

1. e4 c5 2. Nf3 d6 3. d4 cxd4 4. Nxd4 Nf6 5. Nc3 a6 6. Bg5 e6 7. f4 Be7 8. Qf3
Qc7 9. O-O-O Nbd7 10. g4 h6 11. Bxf6 Bxf6 12. h4 Qb6 13. Nde2 Be7 14. Bg2 Nc5
15. g5 Bd7 16. Qg3 O-O-O 17. Kb1 Kb8 18. f5 Rc8 19. e5 dxe5 20. Qxe5+ Ka7 21.
Qxg7 hxg5 22. hxg5 Rxh1 23. Bxh1 Na4 24. Qd4 Qxd4 25. Rxd4 Nb6 26. f6 Bc5 27.
Rh4 Be3 28. Rh7 Bxg5 29. Ne4 Be3 30. Nd6 Rc5 31. Rxf7 Rh5 32. Bg2 Rh2 33. Rg7
Bc5 34. Ne4 Bf8 35. Rg8 Bc6 36. N4c3 Rxg2 37. Rxf8 Rf2 38. f7 Rf1+ 39. Nc1 Nc4
40. b3 Nd6 41. Kb2 Rxf7 1/2-1/2

[Event "1st Metropolitan International"]
[Site "Los Angeles"]
[Date "2011.08.18"]
[Round "2"]
[White "Panjwani, Raja"]
[Black "Van Wely, Loek"]
[Result "0-1"]
[WhiteElo "2420"]
[BlackElo "2683"]
[PlyCount "90"]
[EventDate "2011.08.17"]
[EventType "swiss"]
[EventRounds "9"]
[EventCountry "USA"]
[SourceDate "2011.08.22"]

1. d4 Nf6 2. c4 e6 3. Nf3 d5 4. Nc3 dxc4 5. e4 Bb4 6. Bg5 c5 7. e5 cxd4 8. Nxd4
Bxc3+ 9. bxc3 Qa5 10. exf6 Qxg5 11. fxg7 Qxg7 12. Qd2 O-O 13. Bxc4 Rd8 14. Qe3
Bd7 15. O-O Nc6 16. Nf3 Ne7 17. Ne5 Ng6 18. f4 Nxe5 19. fxe5 Bc6 20. g3 Rd7 21.
Be2 Kh8 22. Rad1 Rad8 23. Rxd7 Rxd7 24. Rf6 Qf8 25. Bf3 Bd5 26. Bxd5 Rxd5 27.
Qf3 Kg8 28. Qg4+ Qg7 29. Qf4 b5 30. Kg2 a5 31. h4 h5 32. Kh3 Rd3 33. Qf2 Rxc3
34. Kh2 b4 35. Rf3 Rxf3 36. Qxf3 Qxe5 37. Qd3 Kg7 38. Qd2 Qd5 39. Qc2 Qd4 40.
Qe2 a4 41. Qb5 Qf2+ 42. Kh1 Qf3+ 43. Kh2 b3 44. axb3 axb3 45. g4 Qf2+ 0-1

[Event "1st Metropolitan International"]
[Site "Los Angeles"]
[Date "2011.08.18"]
[Round "2"]
[White "Peters, Jack"]
[Black "Ruck, Robert"]
[Result "0-1"]
[WhiteElo "2377"]
[BlackElo "2569"]
[PlyCount "80"]
[EventDate "2011.08.17"]
[EventType "swiss"]
[EventRounds "9"]
[EventCountry "USA"]
[SourceDate "2011.08.22"]

1. e4 c5 2. Nf3 d6 3. d4 cxd4 4. Nxd4 Nf6 5. Nc3 a6 6. Bg5 e6 7. f4 Be7 8. Qf3
Qc7 9. O-O-O Nbd7 10. g4 h6 11. Bxf6 Bxf6 12. h4 Qb6 13. Nb3 Be7 14. g5 hxg5
15. hxg5 Rxh1 16. Qxh1 Qe3+ 17. Kb1 Qxf4 18. g6 fxg6 19. Bh3 Nf8 20. Na4 Bd7
21. Nb6 Rd8 22. Nd4 Qe5 23. Nxd7 Rxd7 24. Qf3 Bf6 25. c3 Ke7 26. Qe2 Rc7 27. a3
b5 28. Rd3 Rc4 29. Re3 Qh5 30. Qd3 Rc7 31. Ka1 Qc5 32. Re1 Qc4 33. Qf3 Qc5 34.
Qg4 Bxd4 35. cxd4 Qxd4 36. Qg2 b4 37. axb4 Qxb4 38. Rf1 Rc5 39. Kb1 Qc4 40. Rd1
Ra5 0-1

[Event "1st Metropolitan International"]
[Site "Los Angeles"]
[Date "2011.08.18"]
[Round "2"]
[White "Piasetski, Leon"]
[Black "Holt, Conrad"]
[Result "1/2-1/2"]
[WhiteElo "2289"]
[BlackElo "2438"]
[PlyCount "82"]
[EventDate "2011.08.17"]
[EventType "swiss"]
[EventRounds "9"]
[EventCountry "USA"]
[SourceDate "2011.08.22"]

1. Nf3 d5 2. d4 Nf6 3. c4 c6 4. e3 Bf5 5. Nc3 e6 6. Nh4 Bg6 7. Qb3 Qc7 8. Nxg6
hxg6 9. h3 Nbd7 10. Bd2 Be7 11. Be2 a6 12. cxd5 exd5 13. Rc1 Rc8 14. Bf3 Qb8
15. O-O Nf8 16. e4 Ne6 17. Be3 dxe4 18. Nxe4 Nd5 19. Nc5 Nxe3 20. Qxe3 Bxc5 21.
Rxc5 O-O 22. Re5 Nc7 23. h4 Rce8 24. Re1 Qd8 25. g3 Qd7 26. Kg2 Rxe5 27. dxe5
Re8 28. Rd1 Qe7 29. Qd4 Kf8 30. Qd6 Qxd6 31. exd6 Ne6 32. b4 f5 33. a4 Rd8 34.
b5 cxb5 35. axb5 axb5 36. Bxb7 b4 37. d7 Nc5 38. Bc8 Ke7 39. Rd4 b3 40. Rb4 Kd6
41. Kf3 Nxd7 1/2-1/2

[Event "1st Metropolitan International"]
[Site "Los Angeles"]
[Date "2011.08.18"]
[Round "2"]
[White "Ramirez, Alejandro"]
[Black "Ravichandran, Siddharth"]
[Result "1/2-1/2"]
[WhiteElo "2592"]
[BlackElo "2387"]
[PlyCount "71"]
[EventDate "2011.08.17"]
[EventType "swiss"]
[EventRounds "9"]
[EventCountry "USA"]
[SourceDate "2011.08.22"]

1. d4 d5 2. c4 c6 3. Nf3 Nf6 4. e3 Bf5 5. cxd5 cxd5 6. Nc3 e6 7. Nh4 Be4 8. f3
Bg6 9. Qb3 Qc7 10. Bd2 Nc6 11. O-O-O Be7 12. Nxg6 hxg6 13. Kb1 O-O 14. g4 Na5
15. Qc2 Rfc8 16. g5 Nh5 17. e4 Nc4 18. exd5 exd5 19. Bh3 Rd8 20. Bg4 Nxd2+ 21.
Qxd2 Qf4 22. Qxf4 Nxf4 23. h4 f5 24. gxf6 Bxf6 25. h5 gxh5 26. Bxh5 Rac8 27.
Rd2 Rc4 28. Ne2 Nxh5 29. Rxh5 g6 30. Rh1 Bg5 31. Rd3 Bf6 32. b3 Rc6 33. Re3 Kf7
34. Rh7+ Bg7 35. Nf4 Kg8 36. Rxg7+ 1/2-1/2

[Event "1st Metropolitan International"]
[Site "Los Angeles"]
[Date "2011.08.18"]
[Round "2"]
[White "Rensch, Daniel"]
[Black "Akobian, Varuzhan"]
[Result "0-1"]
[WhiteElo "2410"]
[BlackElo "2613"]
[PlyCount "56"]
[EventDate "2011.08.17"]
[EventType "swiss"]
[EventRounds "9"]
[EventCountry "USA"]
[SourceDate "2011.08.22"]

1. e4 d6 2. d4 Nf6 3. Nc3 c6 4. f4 Qa5 5. e5 Ne4 6. Qf3 d5 7. Bd3 g6 8. Nge2
Bf5 9. g4 Nxc3 10. Nxc3 Bxd3 11. cxd3 Qb6 12. Qf2 Na6 13. Be3 h5 14. f5 hxg4
15. fxg6 fxg6 16. O-O-O O-O-O 17. Qf7 Rh3 18. Bg1 c5 19. dxc5 Qc6 20. d4 Rf3
21. Qh7 Qe6 22. h3 gxh3 23. a3 Qf5 24. Rh2 Nc7 25. Qh4 g5 26. Qe1 g4 27. Rc2
Bh6+ 28. Kb1 g3 0-1

[Event "1st Metropolitan International"]
[Site "Los Angeles"]
[Date "2011.08.18"]
[Round "2"]
[White "Sevillano, Enrico"]
[Black "Tayar, Jonathan"]
[Result "0-1"]
[WhiteElo "2492"]
[BlackElo "2335"]
[PlyCount "77"]
[EventDate "2011.08.17"]
[EventType "swiss"]
[EventRounds "9"]
[EventCountry "USA"]
[SourceDate "2011.08.22"]

1. e4 e5 2. Nf3 Nc6 3. Bb5 a6 4. Ba4 Nf6 5. Bxc6 dxc6 6. d3 Bd6 7. Nbd2 Be6 8.
Qe2 Nd7 9. Nf1 f6 10. Ne3 Qe7 11. Bd2 O-O-O 12. Bc3 Bc5 13. O-O Nf8 14. Rfd1
Ng6 15. d4 Nf4 16. Qe1 exd4 17. Bxd4 Bb4 18. c3 Bd6 19. e5 fxe5 20. Bxe5 Bxe5
21. Nxe5 Qc5 22. Nf3 Qh5 23. Rxd8+ Rxd8 24. Nd4 Bd7 25. Rd1 c5 26. Ndc2 Re8 27.
Qd2 Bc6 28. f3 Kb8 29. Re1 Qg5 30. Rf1 h5 31. Kh1 h4 32. h3 Rd8 33. Qe1 Nd3 34.
Qb1 Qg3 35. Ng4 Nf4 36. Nce3 Rd2 37. Rg1 Bxf3 38. Qf1 Bc6 39. Nh2 0-1

[Event "1st Metropolitan International"]
[Site "Los Angeles"]
[Date "2011.08.18"]
[Round "2"]
[White "Steinfl, Alessandro"]
[Black "Cherniack, Alex"]
[Result "1-0"]
[WhiteElo "2164"]
[BlackElo "2262"]
[PlyCount "95"]
[EventDate "2011.08.17"]
[EventType "swiss"]
[EventRounds "9"]
[EventCountry "USA"]
[SourceDate "2011.08.22"]

1. d4 e6 2. Nf3 Nf6 3. Bf4 c5 4. c3 cxd4 5. cxd4 b6 6. e3 Bb7 7. Bd3 Bb4+ 8.
Nbd2 O-O 9. O-O Be7 10. h3 Nc6 11. a3 d6 12. Rc1 e5 13. Bh2 Nxd4 14. exd4 e4
15. Nxe4 Nxe4 16. Re1 f5 17. d5 Bxd5 18. Ba6 Bf7 19. Nd4 Bg5 20. Rc2 Qf6 21. b4
Rae8 22. Nf3 Nc3 23. Qxd6 Rxe1+ 24. Nxe1 Rd8 25. Qc7 Nd5 26. Qe5 Re8 27. Rc8
Qxe5 28. Bxe5 Rxc8 29. Bxc8 Bc1 30. Nc2 Ne7 31. Bd7 g6 32. a4 a5 33. bxa5 bxa5
34. Bc3 Nd5 35. Bxa5 Kf8 36. Bd8 Be8 37. Bxe8 Kxe8 38. Ba5 Bb2 39. Kf1 Kd7 40.
Ne3 Nxe3+ 41. fxe3 Kc6 42. Ke2 Kc5 43. Kd3 Be5 44. Bc3 Bc7 45. a5 Kb5 46. Kd4
Bxa5 47. Bxa5 Kxa5 48. e4 1-0

[Event "1st Metropolitan International"]
[Site "Los Angeles"]
[Date "2011.08.18"]
[Round "2"]
[White "Szabo, Bence"]
[Black "Hungaski, Robert"]
[Result "0-1"]
[WhiteElo "2362"]
[BlackElo "2495"]
[PlyCount "96"]
[EventDate "2011.08.17"]
[EventType "swiss"]
[EventRounds "9"]
[EventCountry "USA"]
[SourceDate "2011.08.22"]

1. Nf3 g6 2. c4 Bg7 3. e4 d6 4. d4 Bg4 5. Be2 Nc6 6. Ng1 Bd7 7. Be3 e5 8. d5
Nd4 9. Nc3 c5 10. dxc6 bxc6 11. Bd3 Ne7 12. Nge2 O-O 13. O-O f5 14. f4 Be6 15.
Ng3 exf4 16. Bxf4 d5 17. cxd5 cxd5 18. exf5 Nexf5 19. Qd2 Qb6 20. Kh1 Nxg3+ 21.
Bxg3 Nf5 22. Bxf5 Rxf5 23. Rxf5 gxf5 24. Re1 d4 25. Na4 Qb5 26. b3 Bf7 27. h3
Re8 28. Rxe8+ Qxe8 29. Nc5 Qe3 30. Qxe3 dxe3 31. Kg1 Bd4 32. Nd3 Bd5 33. Kf1
Be4 34. Ne1 Bb1 35. a3 Ba2 36. Nc2 Bb6 37. b4 Bb3 38. Ne1 Bc4+ 39. Kg1 Kf7 40.
a4 a6 41. Bb8 e2+ 42. Kh2 Be3 43. b5 axb5 44. axb5 f4 45. b6 Ba6 46. Nc2 Bd3
47. Ne1 Be4 48. g3 f3 0-1

[Event "1st Metropolitan International"]
[Site "Los Angeles"]
[Date "2011.08.18"]
[Round "2"]
[White "Tanaka, Christian"]
[Black "Kavutskiy, Konstantin"]
[Result "0-1"]
[WhiteElo "2098"]
[BlackElo "2225"]
[PlyCount "132"]
[EventDate "2011.08.17"]
[EventType "swiss"]
[EventRounds "9"]
[EventCountry "USA"]
[SourceDate "2011.08.22"]

1. d4 Nf6 2. c4 e6 3. g3 d5 4. Bg2 dxc4 5. Nf3 Bb4+ 6. Nc3 O-O 7. O-O Nc6 8.
Bg5 h6 9. Bxf6 Qxf6 10. Qa4 Qe7 11. a3 Bd6 12. Qxc4 e5 13. d5 Nb8 14. e4 b6 15.
Rfe1 a5 16. Rac1 Na6 17. Nh4 g6 18. Nb5 Bd7 19. Nxd6 cxd6 20. b4 Rfc8 21. Qb3
axb4 22. axb4 Kh7 23. Bf1 Nc7 24. Nf3 Nb5 25. Bxb5 Bxb5 26. Qe3 Qa7 27. Kg2 Kg7
28. Nd2 Rc7 29. Ra1 Ba4 30. Nb3 Qb7 31. Rec1 Rxc1 32. Nxc1 Bc2 33. Rxa8 Qxa8
34. f3 Qa1 35. Qd2 Qb1 36. h4 f5 37. exf5 Bxf5 38. Ne2 Qb3 39. Kf2 Qc4 40. g4
Bd3 41. Nc1 Qd4+ 42. Qe3 Qb2+ 43. Ne2 Bxe2 44. Qxe2 Qxb4 45. Qa2 Qa5 46. Qb3
Qc5+ 47. Kg2 b5 48. h5 Qc4 49. Qb1 e4 50. fxe4 gxh5 51. gxh5 b4 52. Kf3 Kf6 53.
Kf4 Qd4 54. Qf1 b3 55. Kg4+ Ke7 56. Qb1 b2 57. Qc2 Kf6 58. Kf4 Qb4 59. Qc8 Qd2+
60. Kg4 Qg5+ 61. Kf3 Qxh5+ 62. Ke3 Qg5+ 63. Kf3 b1=Q 64. e5+ Qxe5 65. Qf8+ Kg6
66. Qg8+ Qg7 0-1

[Event "1st Metropolitan International"]
[Site "Los Angeles"]
[Date "2011.08.18"]
[Round "2"]
[White "Taylor, Timothy"]
[Black "Altounian, Levon"]
[Result "0-1"]
[WhiteElo "2279"]
[BlackElo "2431"]
[PlyCount "120"]
[EventDate "2011.08.17"]
[EventType "swiss"]
[EventRounds "9"]
[EventCountry "USA"]
[SourceDate "2011.08.22"]

1. d4 e6 2. e4 d5 3. exd5 exd5 4. c4 Nf6 5. Nc3 Be7 6. Nf3 O-O 7. Bd3 Nc6 8.
O-O Nb4 9. Be2 dxc4 10. Bxc4 h6 11. Ne5 c6 12. Be3 Nbd5 13. Qf3 Be6 14. Rad1
Nxc3 15. bxc3 Bxc4 16. Nxc4 Qd5 17. Qe2 Ne4 18. Qd3 b5 19. Ne5 Bd6 20. f3 Nf6
21. Qf5 Rfe8 22. Bf4 Qe6 23. Qxe6 Rxe6 24. Rfe1 Nd5 25. Bd2 f6 26. Nd3 Rae8 27.
Rxe6 Rxe6 28. Kf2 Nb6 29. Bf4 Ba3 30. Bc1 Bd6 31. Bf4 Bf8 32. Re1 Kf7 33. Re4
Nd5 34. Bd2 Bd6 35. h3 f5 36. Re1 Rxe1 37. Kxe1 h5 38. Ke2 Ke6 39. g4 hxg4 40.
fxg4 Nf6 41. gxf5+ Kxf5 42. Nc1 Ke4 43. Nb3 Kd5 44. Kd3 Ne4 45. Be3 Bg3 46. Nc1
Be1 47. Ne2 g5 48. Ng1 Bxc3 49. Nf3 a5 50. Nxg5 Nxg5 51. Bxg5 Bxd4 52. h4 b4
53. h5 a4 54. Kc2 c5 55. h6 c4 56. Bd2 c3 57. Bg5 Kc4 58. h7 b3+ 59. axb3+
axb3+ 60. Kb1 Kd3 0-1

[Event "1st Metropolitan International"]
[Site "Los Angeles"]
[Date "2011.08.18"]
[Round "2"]
[White "Ulrich, Thomas"]
[Black "Liou, Yian"]
[Result "1/2-1/2"]
[WhiteElo "2093"]
[BlackElo "2299"]
[PlyCount "75"]
[EventDate "2011.08.17"]
[EventType "swiss"]
[EventRounds "9"]
[EventCountry "USA"]
[SourceDate "2011.08.22"]

1. d4 d5 2. c4 c6 3. Nf3 Nf6 4. e3 a6 5. Bd3 Bg4 6. Nbd2 Nbd7 7. h3 Bh5 8. O-O
e6 9. b3 Be7 10. Qc2 Bg6 11. Bxg6 hxg6 12. Bb2 O-O 13. a3 Rc8 14. c5 Ne8 15. b4
Nc7 16. a4 Re8 17. Nb3 Bf6 18. Ne5 Bxe5 19. dxe5 Qg5 20. f4 Qh5 21. Qd1 Qh6 22.
Nd4 f6 23. Nf3 Kf7 24. exf6 gxf6 25. Ng5+ Kf8 26. Qg4 Kg8 27. Nf3 Re7 28. Rae1
Rf7 29. Nd4 Re8 30. f5 Ne5 31. Qg3 Nd3 32. Qxg6+ Qxg6 33. fxg6 Rg7 34. Rb1 Rxg6
35. Bc3 Ne5 36. b5 axb5 37. axb5 Nc4 38. bxc6 1/2-1/2

[Event "1st Metropolitan International"]
[Site "Los Angeles"]
[Date "2011.08.18"]
[Round "2"]
[White "Wang, Richard"]
[Black "Clawitter, Craig"]
[Result "1-0"]
[WhiteElo "2240"]
[BlackElo "2118"]
[PlyCount "75"]
[EventDate "2011.08.17"]
[EventType "swiss"]
[EventRounds "9"]
[EventCountry "USA"]
[SourceDate "2011.08.22"]

1. d4 g6 2. Nf3 Bg7 3. Bg5 d6 4. c3 Nf6 5. Nbd2 h6 6. Bh4 O-O 7. e4 Qe8 8. Bc4
e5 9. dxe5 dxe5 10. O-O Nh5 11. Qe2 Nd7 12. Rfd1 Kh7 13. Nb3 f5 14. exf5 gxf5
15. g3 c6 16. Rd6 b5 17. Re6 bxc4 18. Rxe8 Rxe8 19. Qxc4 e4 20. Qxc6 Rb8 21.
Nfd4 Rb6 22. Qc4 Ne5 23. Qe2 Nf6 24. Nc5 Nd5 25. Rd1 Ng6 26. Na4 Rd6 27. Qb5
Bd7 28. Qc5 Bf8 29. Nb5 Bxb5 30. Qxb5 Nc7 31. Qb3 Rxd1+ 32. Qxd1 Nxh4 33. gxh4
Ne6 34. Qd7+ Re7 35. Qd5 Kg6 36. Nc5 Nf4 37. Qd6+ Re6 38. Qxf8 1-0